Largest Cities in the Commonwealth Realms - Statistics

General Stats
  • This quiz has been taken 28 times
  • The average score is 23 of 30
Answer Stats
Pop. City % Correct
5.25 m Melbourne
100%
2.36 m Perth
100%
5.14 m Sydney
100%
7.11 m Toronto
100%
3.11 m Vancouver
100%
1.44 m Auckland
96%
14.04 m London
96%
2.93 m Birmingham
92%
1.78 m Calgary
92%
1.63 m Edmonton
92%
3.01 m Manchester
92%
4.62 m Montréal
92%
2.69 m Brisbane
88%
1.69 m Glasgow
88%
1.45 m Adelaide
84%
820 k Edinburgh
80%
2.12 m Leeds
80%
1.33 m Newcastle
76%
2.03 m Liverpool
72%
1.66 m Ottawa
72%
900 k Quebec City
72%
826 k Bristol
64%
1.46 m Sheffield
64%
1.15 m Southampton
60%
942 k Winnipeg
56%
1.36 m Nottingham
52%
714 k Coventry
40%
860 k Hamilton
40%
751 k Gold Coast
36%
757 k Port Moresby
24%
No matching quizzes found
Score Distribution
Percent of People with Each Score
Percentile by Number Answered
Your Score History
You have not taken this quiz